Catálogo público

Curso avanzado de cunicultura / (Record no. 166294)

MARC details
000 -CABECERA
campo de control de longitud fija 01012nam a2200253Ia 4500
001 - NÚMERO DE CONTROL
campo de control Z_3186
003 - IDENTIFICADOR DEL NÚMERO DE CONTROL
campo de control CHAP
008 - DATOS DE LONGITUD FIJA--INFORMACIÓN GENERAL
campo de control de longitud fija 220113s1998 xx 000 0 und d
010 ## - NÚMERO DE CONTROL DE LA BIBLIOTECA DEL CONGRESO
Número de control de LC 166294
040 ## - FUENTE DE LA CATALOGACIÓN
Centro/agencia transcriptor CHAP
082 ## - NÚMERO DE LA CLASIFICACIÓN DECIMAL DEWEY
Número de clasificación 636.9322 C 65
100 ## - ENTRADA PRINCIPAL--NOMBRE DE PERSONA
Nombre de persona Congreso de Cunicultura de las Américas (1 : 1998 : Montecillo, Edo. de México)
9 (RLIN) 140365
245 ## - MENCIÓN DE TÍTULO
Título Curso avanzado de cunicultura /
Mención de responsabilidad, etc. por La Asociación Científica Mundial de Cunicultura
260 ## - PUBLICACIÓN, DISTRIBUCIÓN, ETC.
Lugar de publicación, distribución, etc. Montecillo, Méx. :
Nombre del editor, distribuidor, etc. Colegio de Postgraduados,
Fecha de publicación, distribución, etc. 1998
300 ## - DESCRIPCIÓN FÍSICA
Extensión V.1,2,3,
500 ## - NOTA GENERAL
Nota general La biblioteca tiene : v. 1 Nutrición y reproducción -- v. 2 Sanidad y patología, cunicultura industrial y Mejora genética, v. 3 Producción cunícola familiar
650 ## - PUNTO DE ACCESO ADICIONAL DE MATERIA--TÉRMINO DE MATERIA
Término de materia o nombre geográfico como elemento de entrada Cunicultura
Subdivisión general Congresos I. Asociación Científica Mundial de Cunicultura II. C. P. Instituto de Recursos Genéticos y Productividad Especialidad de Ganadería
9 (RLIN) 140366
901 ## - ELEMENTOS DE DATOS A LOCAL LDA (RLIN)
a 636.9322 C 65
902 ## - ELEMENTOS DE DATOS B LOCAL, LDB (RLIN)
a M
910 ## - DATOS DE OPCIÓN DEL USUARIO (OCLC)
Datos de opción del usuario 1998
942 ## - ELEMENTOS DE PUNTO DE ACCESO ADICIONAL (KOHA)
Tipo de ítem Koha Libro_
942 ## - ELEMENTOS DE PUNTO DE ACCESO ADICIONAL (KOHA)
Tipo de ítem Koha
Holdings
Estado de retiro Estado de pérdida Fuente del sistema de clasificación o colocación Estado dañado No para préstamo Código de colección Localización permanente Ubicación/localización actual Ubicación en estantería Fecha de adquisición Total de préstamos Código de barras Fecha visto por última vez Fecha del último préstamo Número de copia Precio válido a partir de Tipo de ítem Koha
    Dewey Decimal Classification     General Zootecnia Zootecnia   09/11/2005 3 z_3619 17/05/2024 08/05/2024 1 18/01/2022 Libro
    Dewey Decimal Classification     General Zootecnia Zootecnia   09/11/2005   z_3620 18/01/2022   1 18/01/2022 Libro
    Dewey Decimal Classification     General Zootecnia Zootecnia   09/11/2005   z_3621 18/01/2022   1 18/01/2022 Libro
    Dewey Decimal Classification     General Zootecnia Zootecnia   09/11/2005   z_3622 18/01/2022   1 18/01/2022 Libro
    Dewey Decimal Classification     General Zootecnia Zootecnia   09/11/2005   z_3623 18/01/2022   1 18/01/2022 Libro
    Dewey Decimal Classification     General Zootecnia Zootecnia   09/11/2005   z_4804 18/01/2022   1 18/01/2022 Libro
    Dewey Decimal Classification     General Zootecnia Zootecnia   09/11/2005   z_4805 18/01/2022   1 18/01/2022 Libro
    Dewey Decimal Classification     General Zootecnia Zootecnia   09/11/2005 1 z_4806 15/11/2022 09/11/2022 1 18/01/2022 Libro
    Dewey Decimal Classification     General Zootecnia Zootecnia   09/11/2005   z_4808 18/01/2022   1 18/01/2022 Libro
    Dewey Decimal Classification     General Zootecnia Zootecnia   09/11/2005   z_4809 18/01/2022   1 18/01/2022 Libro
    Dewey Decimal Classification     General Zootecnia Zootecnia   09/11/2005   z_4810 18/01/2022   1 18/01/2022 Libro
    Dewey Decimal Classification     General Zootecnia Zootecnia   09/11/2005 1 z_4811 03/05/2024 03/05/2024 1 18/01/2022 Libro